00439pab a2200157 454500008004000000100001700040245007600057260000900133300001400142362000800156650003400164650002200198700001900220700002400239773001800263180718b2004 xxu||||| |||| 00| 0 eng d aForrest, Ray aHong Kong as a global city? Social distance and spatial differentiation c2004 ap.207-27. aJan aUrban development - Hong Kong aUrban development aYip, Ngai-ming aGrange, Adrienne La aUrban Studies